| 000 | 00648nam a2200241Ia 4500 | ||
|---|---|---|---|
| 003 | OSt | ||
| 005 | 20220918223423.0 | ||
| 006 | a|||||r|||| 00| 0 | ||
| 007 | ta | ||
| 008 | 220917b |||||||| |||| 00| 0 eng d | ||
| 024 | _a222,344 | ||
| 037 | _cTextual | ||
| 040 |
_aARTS _cARTS _beng |
||
| 041 |
_2eng _aeng |
||
| 082 | _aQ77v, P4 | ||
| 100 |
_aDelong-Bas Natana J _923383 |
||
| 245 | 0 |
_aWahhabi islam _b from revival and reform to global jihad |
|
| 260 |
_aLondon _bI .B Tauris _c2004 |
||
| 300 |
_aix, 370p _ccm. |
||
| 650 | _aRELIGION | ||
| 942 |
_hQ77v, P4 _cTEXL _2CC |
||
| 999 |
_c278371 _d278371 |
||